000 00509nam a22001697a 4500
003 BD-DhUL
005 20180913142315.0
008 180913s1974 pk ||||| |||| 00| 0 urd d
040 _aBD-DhUL
_cBD-DhUL
082 _a891.431
_bABZ
100 0 _aعبد العزیز خالد
245 1 _aزنجیر رم آہو /
_cعبد العزیز خالد
260 _aلاهور :
_bشمس الاسلام پریس،
_c۱۹۷۴۔
300 _aص۔ ۳۳۱ ؛
_c۱۹ سم۔
650 4 _aUrdu poetry
942 _2ddc
_cBK
999 _c243460
_d243460